[Event "Tarragona Province-ch B"]
[Site "Tarragona"]
[Date "2015.10.25"]
[Round "4.5"]
[White "Gracia Train, Carles"]
[Black "Marcos Freixas, Adria"]
[Result "1-0"]
[WhiteElo "1859"]
[BlackElo "1899"]
[PlyCount "53"]
[EventDate "2015.09.27"]
[EventType "swiss"]
[EventRounds "9"]
[EventCountry "ESP"]
[SourceTitle "EXT 2024"]
[Source "ChessBase"]
[SourceDate "2023.10.10"]
[SourceVersion "1"]
[SourceVersionDate "2023.10.10"]
[SourceQuality "1"]

1. b3 b6 2. Bb2 Bb7 3. Nf3 Nf6 4. c4 e6 5. Nc3 Nc6 6. e3 g6 7. d4 d5 8. cxd5 exd5 9. Rc1 Bg7 10. Ba3 Qd7 11. Bb5 Qe6 12. Ne5 0-0-0 13. Nxc6 Bxc6 14. Bxc6 Qxc6 15. 0-0 Qe6 16. Qd3 Kb8 17. Qa6 c6 18. Na4 Qc8 19. Qd3 h5 20. Nc3 Ng4 21. h3 Nf6 22. Be7 Rd7 23. Bxf6 Bxf6 24. Rc2 Rc7 25. Rfc1 a6 26. Nxd5 Bd8 27. Nxc7 1-0